Haciendo Eco: formación de catequistas

Gardado en:
Detalles Bibliográficos
Autor Corporativo: Diócesis de Río Gallegos (Author)
Formato: Libro
Idioma:Lingua castelá
Publicado: Buenos Aires PPC 2015
Edición:2a. ed
Subjects:
Tags: Engadir etiqueta
Sen Etiquetas, Sexa o primeiro en etiquetar este rexistro!

MARC

LEADER 00000cam a2200000 a 4500
001 UCC3542
003 CL-VaPUC
008 180527e20150000ag |||||||||||||||||spa|d
020 |a 9789877400953 
082 0 4 |a 268.4  |b DIO  |2 21 
110 2 |a Diócesis de Río Gallegos  |e author  |9 597568 
245 1 0 |a Haciendo Eco: formación de catequistas 
250 |a 2a. ed 
300 |a 143 p 
942 |c BK 
945 |d 20180527 18:33:00  |a dcastane 
260 |a Buenos Aires  |b PPC  |c 2015 
650 7 |a CATEQUESIS FAMILIAR  |2 CL-VaPUC  |9 481682 
650 7 |a CATEQUISTAS  |2 CL-VaPUC  |9 481683 
583 |a last modification  |c 20180527 18:33:00  |k Rodrigo Vera 
999 |c 371240  |d 371238 
952 |0 0  |1 0  |3 erb  |4 0  |6 268_400000000000000_DIO_2015  |7 0  |8 A  |9 488169  |a BIBTEO  |b BIBTEO  |i 547289K  |o 268.4 DIO 2015  |p 547289K  |r 2025-01-17  |w 2019-11-24  |y BK  |z Catalogado en:20180527  |k ICR 
952 |0 0  |1 0  |3 erb  |4 0  |6 268_400000000000000_DIO_2015  |7 0  |8 A  |9 488170  |a BIBTEO  |b BIBTEO  |i 5473055  |o 268.4 DIO 2015  |p 5473055  |r 2025-01-17  |w 2019-11-24  |y BK  |z Catalogado en:20180531  |k ICR